| 000 | 00576nam a2200205 a 4500 | ||
|---|---|---|---|
| 005 | 20210223124239.0 | ||
| 008 | 010711s1978 es r 000 0 spa d | ||
| 020 | _a848508117X | ||
| 035 | _aUPN01000109500 | ||
| 049 | _aCG | ||
| 050 | 4 |
_aHV568 _bC6.68 |
|
| 100 | 1 | _aCooper, David | |
| 245 | 1 | 1 |
_a¿Quienes son los disidentes? / _cDavid Cooper ; tr. Nuria Pérez de Lara. |
| 260 |
_aValencia, Esp. : _bPre-textos _c1978. |
||
| 300 | _a119 p. | ||
| 440 | 0 |
_aPt ; _v15 |
|
| 534 |
_pTraducción de: _tQui sont les dissidents |
||
| 650 | 4 |
_aDISIDENTES _913880 |
|
| 905 | _aLibro | ||
| 999 |
_c83411 _d83411 |
||